| Tag |
First Indicator |
Second Indicator |
Subfields |
| LEADER |
00000cam a2200000 a 4500 |
| 001 |
in00000031219 |
| 005 |
20151007060333.0 |
| 008 |
870401s1987 gw d 00010 ger |
| 010 |
|
|
|a 87121551
|
| 020 |
|
|
|a 3484105577
|
| 035 |
|
|
|a (OCoLC)15609659
|
| 035 |
|
|
|9 AAC0609AM
|
| 040 |
|
|
|a DLC
|c DLC
|d m/c
|d TXA
|d UtOrBLW
|
| 049 |
|
|
|a TXAM
|c [A11530976]
|
| 050 |
0 |
0 |
|a PE1582.G4
|b P48 1987
|
| 082 |
0 |
|
|a 422/.431
|2 19
|
| 100 |
1 |
|
|a Pfeffer, J. Alan
|q (Jay Alan),
|d 1907-
|
| 245 |
1 |
0 |
|a Deutsches Sprachgut im Wortschatz der Amerikaner und Engländer :
|b vergleichendes Lexikon mit analytischer Einführung und historischem Überblick /
|c J. Alan Pfeffer.
|
| 264 |
|
1 |
|a Tübingen :
|b M. Niemeyer,
|c 1987.
|
| 300 |
|
|
|a xviii, 347 pages ;
|c 24 cm.
|
| 336 |
|
|
|a text
|b txt
|2 rdacontent
|
| 337 |
|
|
|a unmediated
|b n
|2 rdamedia
|
| 338 |
|
|
|a volume
|b nc
|2 rdacarrier
|
| 504 |
|
|
|a "Abkürzungen und Quellenangaben": pages ix-xviii.
|
| 650 |
|
0 |
|a English language
|x Foreign words and phrases
|x German
|x Glossaries, vocabularies, etc.
|
| 650 |
|
0 |
|a German language
|x Influence on English
|x Glossaries, vocabularies, etc.
|
| 999 |
|
|
|a MARS
|
| 999 |
f |
f |
|s ce8ff7b4-7d67-3f15-932b-ea11fda362e1
|i d7ccc40a-fbce-36c7-8e1c-1d1b37668b39
|t 0
|
| 952 |
f |
f |
|p ric
|a Texas A&M University
|b Rellis Campus
|c Joint Library Facility
|s JLF
|d Remote Storage
|t 0
|e PE1582.G4 P48 1987
|h Library of Congress classification
|i unmediated -- volume
|m A14811530976
|
| 998 |
f |
f |
|a PE1582.G4 P48 1987
|t 0
|l Remote Storage
|